00731nam a22002297a 450000500170000001000130001702000110003003500130004103700160005404000120007008200130008224500490009526000390014427000500018330000240023365000200025765000280027770000260030594200220033199900190035395201290037220170124110227.0 aA-710366 c150.00 aA-710366 bCen Lib/Ret aDPLbEN a921bSTU aA study of Nehru /cedited by Rafiq Zakaria  aCalcutta bRupa and company c1989 bCalcutta a25 Bankim Chaterjee streete700073 axvi,611p.c23cm(Hb) aBiography97490 aPrime ministers 916267 aRafiq Zakaria 940926 2ddccENh921mSTU c134517d134517 001040718REFaLbLd2015-07-30eCen Lib/Retg150.00l0o921 STUpA-710366r2015-07-30 00:00:00t1v150.00w2015-07-30yEN